书目信息 |
| 题名: |
申都大厦绿色化改造与运维
|
|
| 作者: | 田炜 , 夏麟 著 | |
| 分册: | ||
| 出版信息: | 北京 中国建筑工业出版社 2016 |
|
| 页数: | 119页 | |
| 开本: | 26cm | |
| 丛书名: | ||
| 单 册: | ||
| 中图分类: | TU99 | |
| 科图分类: | ||
| 主题词: | 家居装饰 | |
| 电子资源: | ||
| ISBN: | 978-7-112-19245-8 | |
| 000 | 00566nam0 2200217 450 | |
| 001 | 0100004355 | |
| 005 | 20210407154611.50 | |
| 010 | @a978-7-112-19245-8@b精装@dCNY68.00 | |
| 100 | @a20161010d2016 em y0chiy0110 ea | |
| 101 | 0 | @achi |
| 102 | @aCN@b110000 | |
| 105 | @ay z 000yy | |
| 200 | 1 | @a申都大厦绿色化改造与运维@f田炜, 夏麟等著 |
| 210 | @a北京@c中国建筑工业出版社@d2016 | |
| 215 | @a119页@d26cm | |
| 606 | 0 | @a家居装饰 |
| 690 | @aTU99@v4 | |
| 701 | 0 | @a田炜@4著 |
| 701 | 0 | @a夏麟@4著 |
| 801 | 0 | @aCN@c20160915 |
| 905 | @a河南城建学院图书馆@dTU99@eT663 | |
| 申都大厦绿色化改造与运维/田炜, 夏麟等著.-北京:中国建筑工业出版社,2016 |
| 119页;26cm |
| ISBN 978-7-112-19245-8(精装):CNY68.00 |
| ● |
| 相关链接 |
|
|
|
正题名:申都大厦绿色化改造与运维
索取号:TU99/T663
 
预约/预借
| 序号 | 登录号 | 条形码 | 馆藏地/架位号 | 状态 | 备注 |
| 1 | 1288754 | 212887544 | 建筑库201/201建筑库 122排2列2层/ [索取号:TU99/T663] | 在馆 | |
| 2 | 1288755 | 212887553 | 建筑库201/201建筑库 122排2列2层/ [索取号:TU99/T663] | 在馆 | |
| 3 | 1288756 | 212887562 | 建筑库201/201建筑库 122排2列2层/ [索取号:TU99/T663] | 在馆 | |
| 4 | 1304944 | 213049440 | 建筑库201/201建筑库 122排2列2层/ [索取号:TU99/T663] | 在馆 | |
| 5 | 1506653 | 215066531 | 能源与建筑环境工程学院资料室/ [索取号:TU99/T663] | 在馆 |